000 00321nam a2200109 a 4500
005 20201002035754.0
008 131018s1994 000 spa d
020 _a8400074246
245 0 _aCatáleg de materials gráfics de 1' Arxiu d' Etnografia i Folklore de Catalunya.
260 _aBarcelona,
_c1994.
999 _c41304
_d41304
040 _aDO-SdBNP